| 000 | 01018nam0a22003011 4500 | ||
|---|---|---|---|
| 001 | RU\INFOCOMM_322\NLR\5000227888 | ||
| 005 | 20250613112156.0 | ||
| 035 | _a(NLR Aleph) 009605859 | ||
| 090 |
_a9340348 _c9340348 |
||
| 100 | _a20130313d1968 |||y0rusy50 ca | ||
| 101 | 0 | _aeng | |
| 102 | _aRU | ||
| 105 | _ay z ||||| | ||
| 200 | 1 |
_aFission of exited nuclei _fJu. Tz. Oganessian |
|
| 210 |
_aДубна _d1968 |
||
| 215 |
_a21 с. _d22 см |
||
| 225 | 1 |
_a[Издания] _fОбъед. ин-т ядерных исследований; Лаборатория ядерных реакций _vE7-3942 |
|
| 309 | _aОтпеч. множит. аппаратом | ||
| 320 | _aБиблиогр.: с. 12-13 | ||
| 686 |
_aФз-1700 _2rubbk |
||
| 686 |
_a[В383.1,0] _2rubbk |
||
| 700 | 1 |
_9z01790 _aOganesjan _bJ. C. _f1933- _gJurij Colakovič |
|
| 790 | 1 |
_9z01700 _aOganessian _bJu. Tz. _4070 |
|
| 801 | 1 |
_aRU _bInfocomm _c20130313 |
|
| 801 | 0 |
_aRU _bINFOCOMM _gPSBO |
|
| 852 |
_aNLR _jP11/3130 |
||
| 942 | _cBOOK | ||
| 980 | _aNB | ||